Capítulo 15. Democracia local y política deliberativa en Brasil /
Salvato in:
| Autore principale: | |
|---|---|
| Altri autori: | |
| Natura: | testo |
| Lingua: | Spanish |
| Pubblicazione: |
s.l.:
CIESAS. Universidad Veracruzana
|
| Soggetti: | |
| Tags: |
Aggiungi Tag
Nessun Tag, puoi essere il primo ad aggiungerne!!
|
MARC
| LEADER | 00000 a a2200000 04500 | ||
|---|---|---|---|
| 001 | 34789 | ||
| 003 | cru IIS | ||
| 005 | 20230705095821.0 | ||
| 008 | 230705b |||||||| |||| 00| 0 spa d | ||
| 020 | |a 970-701-823-2 | ||
| 040 | |c CRAI/IIS | ||
| 090 | |a 0002 I87d | ||
| 100 | |a Avritzer, Leonardo |9 11527 | ||
| 245 | |a Capítulo 15. Democracia local y política deliberativa en Brasil / |c Leonardo Avritzer | ||
| 260 | |a s.l.: |b CIESAS. Universidad Veracruzana | ||
| 300 | |a 411-434 p. | ||
| 650 | |a DEMOCRACIA | ||
| 650 | |a MOVIMIENTOS SOCIALES | ||
| 650 | |a NEOLIBERALISMO | ||
| 650 | |a BRASIL | ||
| 700 | |a coord. |a Olvera, Alberto J. |a coord. | ||
| 773 | 0 | |0 16607 |9 9353 |a Isunza Vera, Ernesto |d México: CIESAS. Universidad Veracruzana 2006 |o 02563 |t Democratización, rendición de cuentas y sociedad civil: participación ciudadana y control social / |w (cru CIDCACS/IIS)34377 |z 970-701-823-2 | |
| 942 | |2 ddc |c LI | ||
| 999 | |c 16408 |d 16408 | ||



